US Military Fighter Jets by Photo - Statistics

General Stats
  • This quiz has been taken 1,762 times
    53 since last reset
  • The average score is 9 of 35
Answer Stats
Picture Answer % Correct
F-22 Raptor
65%
F-14 Tomcat
61%
F-15 Eagle
59%
FA-18 Hornet
59%
FA-18 Superhornet
59%
F-4 Phantom
54%
F-117 Nighthawk
52%
F-35 Lightning
52%
F-16 Fighting Falcon
48%
F-86 Sabre
46%
F-111 Aardvark
41%
F-47
39%
F-5 Tiger
35%
F-104 Starfighter
28%
F-80 Shooting Star
22%
F-100 Super Sabre
20%
F-105 Thunderchief
17%
F-84 Thunderjet
13%
F-8 Crusader
13%
F-106 Delta Dart
11%
F3H Demon
11%
F-89 Scorpion
11%
F9F Panther
11%
F-11 Tiger
9%
F-101 Voodoo
7%
F-94 Starfire
7%
F-102 Delta Dagger
4%
F-2 Banshee
4%
F-3 Skyknight
4%
F7U Cutlass
4%
F-9 Cougar
4%
F6U Pirate
2%
FH Phantom
2%
FJ-1 Fury
2%
F-6 Skyray
0%
No matching quizzes found
Score Distribution
Percent of People with Each Score
Percentile by Number Answered
Your Score History
You have not taken this quiz since the last reset